| 000 | 00493nam a2200217Ia 4500 | ||
|---|---|---|---|
| 001 | 12881 | ||
| 003 | GE_BSU | ||
| 008 | 181216s||||||||xx |||||||||||||| ||und|| | ||
| 020 | _a0007768125 | ||
| 040 | _cGE_BSU | ||
| 080 | _a821.111-312.4 | ||
| 100 | _aHiggins,Jack. | ||
| 245 | _aBad Company. | ||
| 245 | 4 | _bThe New Sean Dillon Thriller. | |
| 260 | _aLondon. | ||
| 260 | _bHarper Collins Publishers. | ||
| 260 | _c2003 | ||
| 300 | _a374p;18cm. | ||
| 653 | _aBad Company. | ||
| 942 | _cBK | ||
| 999 |
_c46051 _d46051 |
||